=LDR 00000nam 2200000 4500 =001 INLIS000000000006905 =005 20251117023641 =035 ##$$a 0010-1125000779 =007 ta =008 251117###########################0#ind## =082 ##$$a 304.6 =084 ##$$a 304.6 DJA b =100 #$$a Djameng Ludiro =245 1#$$a Bentuk-Bentuk Kegiatan Yang Dapat Dilakukan Oleh Kkn Dalam Menunjang Program Kependudukan dan Keluarga Berencana /$c Badan Koordinasi Keluarga Berencana Nasional =260 ##$:$b Badan Koordinasi Keluarga Berencana Nasional =300 ##$$a 7 Hal : $b Ilus ; $c 21 =650 #4$$a Keluarga Berencana =856 ##$$a Perpustakaan Kemendukbangga